| 000 | 00630nam a2200133 a 4500 | ||
|---|---|---|---|
| 008 | 120416s1970 ||||||||||||||||| || u | ||
| 050 | _aTN 690 Too | ||
| 245 | 0 | 0 |
_aTools and Techniques in physical metallurgy _cedited by P. Weinbergy |
| 260 |
_aNew York _bMarcel Dekker _c1970 |
||
| 300 | _a2v. : ill. | ||
| 350 | _a0.00 | ||
| 995 |
_aANNEX COLLECTION (Main Library) _D0.00 _e717971 _FCBU-MAIN LIBRARY (Kitwe) _H1 _I11.20 _jTN 690 Too _UAVAILABLE _y016847 _ZAnnex Low-Usage Collection |
||
| 995 |
_aMAIN LIBRARY OPEN ACCESS _D0.00 _e714979 _FCBU-MAIN LIBRARY (Kitwe) _H2 _I11.20 _jTN 690 Too _UAVAILABLE _y016849 _ZMain Library Open Access Collection |
||
| 999 |
_c81339 _d81339 |
||